| 000 -LEADER |
| fixed length control field |
01849nam a22001577a 4500 |
| 008 - FIXED-LENGTH DATA ELEMENTS--GENERAL INFORMATION |
| fixed length control field |
201113b ||||| |||| 00| 0 eng d |
| 100 ## - MAIN ENTRY--PERSONAL NAME |
| Personal name |
Kuchler, F. et el |
| 245 ## - TITLE STATEMENT |
| Title |
Evidence from retail food markets that consumers are confused by natural and organic food labels |
| 260 ## - PUBLICATION, DISTRIBUTION, ETC. (IMPRINT) |
| Place of publication, distribution, etc |
Journal of Consumer Policy |
| 300 ## - PHYSICAL DESCRIPTION |
| Extent |
43(2), Jun, 2020: p.379-395 |
| 520 ## - SUMMARY, ETC. |
| Summary, etc |
In the USA, food producers can label their products as organic only if they are certified by the United States Department of Agriculture (USDA) as having met comprehensive regulatory standards for environmental stewardship. In contrast, the Federal Government has not defined the term natural for most food products. Survey and experimental studies suggest that consumers are confused by the meanings of natural and USDA Organic on food labels, and often believe that these two label claims have similar meanings. In this paper, we examine whether this confusion influences aggregate retail food expenditures. High-frequency Google Trends data on the volume of web searches for “organic food” and for “natural food” are used as indicators of consumer interest in those food attributes. Results from a vector autoregression model show that web searches for both terms are correlated with retail purchases of organic food. Web searches for both help predict retail purchases. If consumers were aware of differences implied by the two label claims, searches for natural food would be uncorrelated with decisions to purchase organic products. These results are therefore evidence that consumers view the two claims as related, or even view the two claims as identical.- Reproduced |
| 650 ## - SUBJECT ADDED ENTRY--TOPICAL TERM |
| Topical term or geographic name as entry element |
Food labels, Natural food, organic food, Vector autorgression |
| 9 (RLIN) |
19305 |
| 773 ## - HOST ITEM ENTRY |
| Main entry heading |
Journal of Consumer Policy |
| 906 ## - LOCAL DATA ELEMENT F, LDF (RLIN) |
| Subject DIP |
CONSUMPTION - UNITED STATES |
| 942 ## - ADDED ENTRY ELEMENTS (KOHA) |
| Item type |
Articles |